Sports Quiz

Random Sports or Football Quiz

2003 Syracuse Orange Roster Quiz Stats

 Plays Quiz not verified by Sporcle

Also try: Pro Teams (1960s)
Challenge
Share
Tweet
Embed
Score 0/9 Timer 05:00
0 Plays Today
Position Player % Correct
SFCarmelo Anthony
97.5%
PFHakim Warrick
86.4%
PG/SGGerry Mcnamara
80.2%
CCraig Forth
65.4%
SG/PFKueth Duany
56.8%
PG/SGBilly Edelin
54.3%
SG/PFJosh Pace
53.1%
CJeremy Mcneil
46.9%
SF/PFMatt Gorman
28.4%

You're not logged in!

Compare scores with friends on all Sporcle quizzes.
OR
Log In

You Might Also Like...

Show Comments

Extras

Top Quizzes Today


Score Distribution

Your Account Isn't Verified!

In order to create a playlist on Sporcle, you need to verify the email address you used during registration. Go to your Sporcle Settings to finish the process.

Report this User

Report this user for behavior that violates our Community Guidelines.

Details: